| 000 | 00441cam a22001934a 4500 | ||
|---|---|---|---|
| 005 | 20250605164325.0 | ||
| 008 | 250528s ||||||||||||||||||||||||d | ||
| 035 | _a22986 | ||
| 020 | _a9781870941822 | ||
| 040 |
_aGR-AtMCL _bgre _dGR-AtMCL _eAACR2 |
||
| 245 | 1 | _aSTRUCTURED PROGRAMMING IN COBOL | |
| 250 | _a1 | ||
| 260 | _c1991 | ||
| 300 | _a517 | ||
| 700 | 1 |
_aHolmes B.J _91562 |
|
| 942 | _cBK | ||
| 999 |
_c8027 _d8027 |
||